NLSUI OPAC header image

Multiple choice questions based on case law for judicial service : (Record no. 115280)

MARC details
000 -LEADER
fixed length control field 01266nam a22002057a 4500
003 - CONTROL NUMBER IDENTIFIER
control field OSt
005 - DATE AND TIME OF LATEST TRANSACTION
control field 20260601135932.0
008 - FIXED-LENGTH DATA ELEMENTS--GENERAL INFORMATION
fixed length control field 190820b2019 ||||| |||| 00| 0 eng
040 ## - CATALOGING SOURCE
Transcribing agency 0
041 ## -
-- English
082 ## - DEWEY DECIMAL CLASSIFICATION NUMBER
Classification number 340 CHA
100 ## - MAIN ENTRY--PERSONAL NAME
Personal name Chaturvedi Gyanendra
245 ## - TITLE STATEMENT
Title Multiple choice questions based on case law for judicial service :
Statement of responsibility, etc. examinations and other competitive examinations/
Remainder of title Gyanendra Chaturvedi
260 ## - PUBLICATION, DISTRIBUTION, ETC.
Place of publication, distribution, etc. Delhi :
Name of publisher, distributor, etc. Singhal Law Publications,
Date of publication, distribution, etc. 2019.
300 ## - PHYSICAL DESCRIPTION
Extent iii,289p. ;
Dimensions 24 cm
365 ## - TRADE PRICE
Price amount Rs. 350
505 ## - Contents
Contents <br/><br/><br/>Constitutional Law ;<br/>Indian Penal Code.;<br/>Code of Criminal Procedure.;<br/>Indian Evidence Act....;<br/>Code of Civil Procedure.;<br/>Indian Contract Act...;<br/>Law of Torts.;<br/>Public International Law.;<br/>Hindu Law;<br/>Muslim Law......;<br/>Transfer of Property Act;<br/>Jurisprudence..;<br/>Limitation Act.;<br/>Arbitration & Conciliation Act....;<br/>Indian Partnership Act;<br/> Company Law;<br/> Negotiable Instruments Act..;<br/> Sale of Goods Act.;<br/>Consumer Protection Act;<br/> Administrative Law;<br/> Environmental Law;<br/>Advocates Act...;<br/> Industrial Disputes Act;<br/> Trade Union Act.<br/>Himachal Pradesh Urban Rent Control Act<br/>26. Miscellaneous<br/><br/><br/>
600 ## - SUBJECT ADDED ENTRY--PERSONAL NAME
Personal name Judicial Services - Examination
-- Judges - Examination
942 ## - ADDED ENTRY ELEMENTS (KOHA)
Source of classification or shelving scheme Dewey Decimal Classification
Koha item type BOOKs
Holdings
Withdrawn status Lost status Source of classification or shelving scheme Materials specified (bound volume or other part) Damaged status Not for loan Home library Current library Shelving location Date acquired Source of acquisition Cost, normal purchase price Total Checkouts Full call number Barcode Date last seen Price effective from Koha item type
    Dewey Decimal Classification PB     NLS NLS General Stacks 20/08/2019 Purchased 350.00   340 CHA 37609 07/09/2019 20/08/2019 BOOKs